La isla a medio día y otros relatos

Sábháilte in:
Sonraí bibleagrafaíochta
Príomhchruthaitheoir: Cortazar, Julio
Formáid: LEABHAR
Teanga:Undetermined
Foilsithe / Cruthaithe: Barcelona, España Salvat 1973
Ábhair:
Clibeanna: Cuir clib leis
Níl clibeanna ann, Bí ar an gcéad duine le clib a chur leis an taifead seo!

MARC

LEADER 00000nam a2200000Ia 4500
008 170316s9999 xx 000 0 und d
040 |a cru BVZT 
090 |a 860 C-43i 
100 |a Cortazar, Julio 
245 |a La isla a medio día y otros relatos 
260 |a Barcelona, España 
260 |b Salvat 
260 |c 1973 
300 |a 287 páginas 
650 |a LITERATURA LATINOAMERICANA 
999 |c 8543  |d 8543 
942 |c 15 D  |h 860 C-43i  |2 z